[Event "Druzynowe Mistrzostwa Polski Juniorow 2018 - II Liga"]
[Site "Szczyrk"]
[Date "1899-12-30"]
[Round "11.15"]
[White "Karwacki, Piotr"]
[Black "Pisarek, Elzbieta"]
[Result "1-0"]
[WhiteTitle "I"]
[BlackTitle "I"]
[WhiteElo "1828"]
[BlackElo "1498"]

1. e4 e5 2. Nf3 Nf6 3. Nxe5 d6 4. Nf3 Nxe4 5. Nc3 Nxc3 6. dxc3 Be7 7. Bd3 Nc6 8.
Bf4 Be6 9. Qd2 h6 10. O-O-O Qd7 11. Bb5 a6 12. Bxc6 Qxc6 13. Nd4 Qd7 14. Rhe1
Bf6 15. Nxe6 fxe6 16. Qe2 O-O-O 17. Qxe6 Rhe8 18. Qxd7+ Kxd7 19. Kd2 h5 20. Rxe8
Rxe8 21. Re1 Rf8 22. Be3 Be5 23. g3 g5 24. Re2 g4 25. Bd4 Bxd4 26. cxd4 Rf3 27.
Ke1 Rf5 28. Re3 b6 29. c4 b5 30. Rc3 bxc4 31. Rxc4 a5 32. Ke2 Rb5 33. b3 Rf5 34.
Rc3 Rb5 35. f3 gxf3+ 36. Kxf3 Rf5+ 37. Kg2 c6 38. h3 Rd5 39. Rc4 Rf5 40. g4 hxg4
41. hxg4 Rg5 42. Kg3 Kc7 43. Kf4 Rg8 44. Kf5 Rf8+ 45. Ke6 Rg8 46. Kf5 Rf8+ 47.
Ke6 Rg8 48. d5 c5 49. Kf7 Rg5 50. Ke6 Re5+ 51. Kf6 Rxd5 52. g5 Rd2 53. Ra4 Kb6
54. Rg4 d5 55. g6 Rf2+ 56. Ke7 Re2+ 57. Kd7 Rf2 58. g7 Rf7+ 59. Kd6 Rxg7 60. Rxg7
d4 61. Kd5 d3 62. Kc4 1-0

[Event "Druzynowe Mistrzostwa Polski Juniorow 2018 - II Liga"]
[Site "Szczyrk"]
[Date "1899-12-30"]
[Round "11.16"]
[White "Pisarek, Jan"]
[Black "Wierzbicki, Dawid"]
[Result "1/2-1/2"]
[WhiteTitle "II"]
[BlackTitle "I"]
[WhiteElo "1339"]
[BlackElo "1487"]

1. e4 e5 2. Nf3 Nc6 3. Nc3 g6 4. d4 exd4 5. Nxd4 Bg7 6. Nxc6 bxc6 7. Bc4 Ne7 8.
O-O O-O 9. f4 d6 10. Be3 Re8 11. Bd4 Bb7 12. Bxg7 Kxg7 13. f5 f6 14. Qf3 Rf8 15.
Ne2 d5 16. Nf4 Bc8 17. exd5 cxd5 18. fxg6 hxg6 19. Bxd5 c6 20. Bb3 Qd4+ 21. Kh1
Qxb2 22. Rfe1 Qa3 23. Qe4 Re8 24. Ne6+ Bxe6 25. Qxe6 Qc5 26. Qf7+ Kh6 27. Qxf6
Nd5 28. Qh4+ Kg7 29. Rf1 Rf8 30. Bxd5 cxd5 31. Rae1 Rae8 32. Rxf8 Rxe1+ 33. Qxe1
Kxf8 34. Qb1 Kg7 35. h3 d4 36. Qb3 Kh6 37. Qd3 Qe5 38. Qf3 Kg7 39. Qb7+ Kh6 40.
Qf3 Kg7 41. g4 Qe1+ 42. Kg2 Qd2+ 43. Qf2 Qc3 44. Qe2 Qc5 45. Kg3 a5 46. Qd2 a4
47. Qd3 Qb4 48. a3 Qc5 49. h4 Kf6 50. Qf3+ Ke6 51. Qe4+ Kd7 52. Qb7+ Kd6 53. Qa6+
Kd5 54. Qxa4 Qc3+ 55. Kg2 Qd2+ 56. Kf1 Qd1+ 57. Kf2 Qd2+ 58. Kf1 Qd1+ 1/2-1/2

[Event "Druzynowe Mistrzostwa Polski Juniorow 2018 - II Liga"]
[Site "Szczyrk"]
[Date "1899-12-30"]
[Round "11.17"]
[White "Cebula, Alicja"]
[Black "Wojcik, Jagoda"]
[Result "0-1"]
[WhiteTitle "I"]
[BlackTitle "I++"]
[WhiteElo "1583"]
[BlackElo "1599"]

1. e4 e5 2. Nf3 Nf6 3. d3 Nc6 4. Bg5 Be7 5. Nbd2 d5 6. exd5 Nxd5 7. Bxe7 Qxe7 8.
g3 Bg4 9. Bg2 O-O-O 10. Qe2 Nd4 11. Qd1 Nb4 12. O-O Nbxc2 13. Rc1 Nb4 14. Qa4
a6 15. Rc4 Nbc6 16. Nxd4 Nxd4 17. Nb3 Bd7 18. Bxb7+ Kxb7 19. Na5+ Kb8 20. Rb4+
Nb5 21. Rc1 Qe6 22. Nc6+ Bxc6 23. Qxa6 Bb7 24. Qxb5 Qb6 25. Qc4 Qd6 26. Qb3 Qd5
27. Qxd5 Rxd5 28. Rc3 Rd7 29. Rcb3 c6 30. a4 Ka7 31. Re4 f6 32. Kf1 Rhd8 33. Ke2
Rd4 34. Ra3 Rxe4+ 35. dxe4 c5 36. Ke3 Rd4 37. f3 Ka6 38. Rd3 Ka5 39. b3 Kb4 40.
h4 Rxd3+ 41. Kxd3 Kxb3 42. a5 c4+ 0-1

[Event "Druzynowe Mistrzostwa Polski Juniorow 2018 - II Liga"]
[Site "Szczyrk"]
[Date "1899-12-30"]
[Round "11.18"]
[White "Bialek, Alicja"]
[Black "Mroz, Lena"]
[Result "0-1"]
[WhiteTitle "I"]
[BlackTitle "I++"]
[WhiteElo "1308"]
[BlackElo "1566"]

1. d4 c5 2. d5 d6 3. c4 Nf6 4. Nc3 g6 5. e4 Bg7 6. Be2 O-O 7. f4 Re8 8. Nf3 e6
9. O-O exd5 10. exd5 Na6 11. a3 Nc7 12. Bd3 Bd7 13. Bd2 a6 14. b4 b6 15. Rb1 Rb8
16. Re1 Qc8 17. Qb3 Rxe1+ 18. Bxe1 Bf5 19. Bxf5 Qxf5 20. bxc5 dxc5 21. Na4 Nd7
22. Bg3 b5 23. Nh4 Qe4 24. Re1 Qd4+ 25. Bf2 Qxf4 26. g3 Qd6 27. Nc3 bxc4 28. Qxc4
Nb6 29. Qd3 c4 30. Qd2 Nbxd5 31. Nxd5 Qxd5 32. Qf4 Rc8 33. Re7 Nb5 34. a4 Nc3
35. Nf3 h6 36. Bd4 g5 37. Qe3 Bxd4 38. Nxd4 Rd8 39. Nf3 Qd1+ 40. Kg2 Qc2+ 41.
Kh3 Qf5+ 42. g4 Qf6 43. Re8+ Rxe8 44. Qxe8+ Kg7 45. Qe5 Nxa4 46. Qxf6+ Kxf6 47.
Ne1 Ke5 48. Kg3 Ke4 49. Kf2 Nc3 50. h3 Nd5 51. Nc2 a5 52. Ke1 Kf3 53. Kd2 c3+
54. Kd3 Nb4+ 55. Nxb4 axb4 0-1

[Event "Druzynowe Mistrzostwa Polski Juniorow 2018 - II Liga"]
[Site "Szczyrk"]
[Date "1899-12-30"]
[Round "11.19"]
[White "Nowak, Mikolaj"]
[Black "Norek, Bartosz"]
[Result "1-0"]
[WhiteTitle "I++"]
[BlackTitle "I"]
[WhiteElo "2015"]
[BlackElo "1784"]

1. d4 d6 2. c4 e5 3. Nf3 e4 4. Nfd2 f5 5. e3 Nf6 6. Nc3 c6 7. f4 d5 8. Be2 Be6
9. O-O Bd6 10. c5 Bc7 11. b4 O-O 12. Nb3 Nbd7 13. Bd2 g5 14. a4 Ng4 15. Bxg4 fxg4
16. g3 b6 17. b5 bxc5 18. dxc5 Qe7 19. Rc1 gxf4 20. gxf4 Rf5 21. Ne2 Rh5 22. Be1
Rh3 23. Qd4 h5 24. Bc3 Ne5 25. fxe5 Rxh2 26. Kxh2 Qh4+ 27. Kg2 Qh3+ 28. Kf2 Qh4+
29. Ng3 Rf8+ 30. Ke2 Rf3 31. Nd2 Qxg3 32. Rce1 Rxf1 33. Nxf1 Qf3+ 34. Kd2 g3 35.
Nxg3 Qxg3 36. b6 axb6 37. cxb6 Bb8 38. a5 c5 39. Qxc5 Bxe5 40. Bxe5 Qxe5 41. Rg1+
Bg4 42. Qc8+ 1-0

[Event "Druzynowe Mistrzostwa Polski Juniorow 2018 - II Liga"]
[Site "Szczyrk"]
[Date "1899-12-30"]
[Round "11.20"]
[White "Hryn, Zofia"]
[Black "Leskiewicz, Ignacy"]
[Result "0-1"]
[WhiteTitle "I++"]
[BlackTitle "I+"]
[WhiteElo "1668"]
[BlackElo "1856"]

1. d4 Nf6 2. Bg5 d6 3. Nc3 Nbd7 4. e4 e5 5. Nf3 c6 6. Qd2 Be7 7. O-O-O Qc7 8. dxe5
dxe5 9. Bxf6 Nxf6 10. h3 O-O 11. g4 b5 12. g5 Nh5 13. Be2 Be6 14. a3 Nf4 15. Rdg1
b4 16. axb4 Bxb4 17. h4 Rfd8 18. Bd3 Qa5 19. Kb1 Bxc3 20. Qxc3 Qa2+ 21. Kc1 Ne2+
22. Bxe2 Qa1# 0-1

[Event "Druzynowe Mistrzostwa Polski Juniorow 2018 - II Liga"]
[Site "Szczyrk"]
[Date "1899-12-30"]
[Round "11.21"]
[White "Klimkowski, Jan"]
[Black "Wielgus, Wojciech"]
[Result "1-0"]
[WhiteTitle "I"]
[BlackTitle "I"]
[WhiteElo "1898"]
[BlackElo "1652"]

1. e4 c5 2. Nf3 d6 3. d4 cxd4 4. Nxd4 Nf6 5. Nc3 Nc6 6. Bg5 Qb6 7. Nb3 e6 8. Qd2
Be7 9. O-O-O O-O 10. f3 Rd8 11. Nb5 Rd7 12. Bxf6 gxf6 13. Qh6 Qd8 14. Bd3 Qf8
15. Qh3 Qg7 16. f4 Kh8 17. Rhf1 Bf8 18. Rf3 Qh6 19. Qg4 Ne5 20. Qg3 Nxf3 21. Qxf3
a6 22. Nc3 Be7 23. g4 Rd8 24. h4 Bd7 25. g5 Qg7 26. Rh1 Bc6 27. Nd4 d5 28. exd5
Bxd5 29. Nxd5 Rxd5 30. c3 Rd7 31. Qh5 Rc8 32. Kc2 b5 33. gxf6 Qg2+ 34. Kb3 Qd5+
35. Qxd5 exd5 36. Bf5 Bxf6 37. Bxd7 Rc7 38. Bg4 Bxd4 39. cxd4 Rc4 40. Rd1 a5 41.
a3 a4+ 42. Ka2 f5 43. Bxf5 b4 44. axb4 a3 45. bxa3 Kg7 46. Kb3 Kh6 47. b5 Rc7
48. a4 Rb7 49. Kb4 Kh5 50. a5 h6 51. a6 Rg7 52. b6 Rg2 53. a7 Rb2+ 54. Kc5 Rh2
55. Qa8 Rh1 56. Qe8+ Kxh4 57. Qg6 1-0

[Event "Druzynowe Mistrzostwa Polski Juniorow 2018 - II Liga"]
[Site "Szczyrk"]
[Date "1899-12-30"]
[Round "11.22"]
[White "Warchol, Kamil"]
[Black "Radoch, Filip"]
[Result "1-0"]
[WhiteTitle "CM"]
[BlackTitle "II"]
[WhiteElo "1540"]
[BlackElo "1128"]

1. d4 d5 2. c4 e6 3. Nc3 Nf6 4. cxd5 exd5 5. Bg5 Be7 6. Qc2 Be6 7. e3 a6 8. Bd3
Nc6 9. a3 Qd7 10. Nge2 h6 11. Bh4 O-O-O 12. Nf4 g5 13. Nxe6 fxe6 14. Bg3 Bd6 15.
Na4 h5 16. Rc1 h4 17. Bxd6 Qxd6 18. Nc5 Nb8 19. Nxe6 Nc6 20. Nxd8 Kxd8 21. Bxa6
bxa6 22. Qxc6 Qxc6 23. Rxc6 Rf8 24. Ke2 Kd7 25. Rhc1 Ne8 26. Rxa6 Rf6 27. Rxf6
Nxf6 28. Kd3 Ne4 29. f3 Nd6 30. Rc5 c6 31. e4 Nb7 32. exd5 Nxc5+ 33. dxc5 cxd5
34. Kd4 Kc6 35. a4 h3 36. g3 Kc7 37. f4 gxf4 38. gxf4 Kd7 39. f5 Ke7 40. c6 Kd6
41. f6 Kxc6 42. f7 Kb6 43. Qf8 Ka5 44. Qb8 Ka6 45. b3 1-0

[Event "Druzynowe Mistrzostwa Polski Juniorow 2018 - II Liga"]
[Site "Szczyrk"]
[Date "1899-12-30"]
[Round "11.23"]
[White "Waligora, Julia"]
[Black "Hryn, Aleksandra"]
[Result "1-0"]
[WhiteTitle "I"]
[BlackTitle "I"]
[WhiteElo "1424"]
[BlackElo "1643"]

1. e4 e5 2. Nf3 Nc6 3. Bb5 a6 4. Ba4 Nf6 5. d4 exd4 6. O-O Be7 7. Re1 b5 8. e5
Nxe5 9. Rxe5 bxa4 10. Nxd4 O-O 11. Nf5 Bd6 12. Nxd6 cxd6 13. Qxd6 Re8 14. Nc3
Bb7 15. Bg5 Re6 16. Rxe6 dxe6 17. Qxd8+ Rxd8 18. Nxa4 Rd5 19. Bxf6 gxf6 20. Nc3
Rd2 21. Rc1 Kf8 22. Kf1 Ke7 23. Ke1 Rd4 24. f3 Rb4 25. b3 Rh4 26. h3 Rh5 27. Ne2
Rg5 28. Kf2 Ra5 29. a4 Rd5 30. c3 e5 31. Rc2 f5 32. b4 Bc6 33. a5 Ba4 34. Rc1
Rd3 35. Ke1 f6 36. Ng3 Ke6 37. Ke2 e4 38. Nf1 1-0

[Event "Druzynowe Mistrzostwa Polski Juniorow 2018 - II Liga"]
[Site "Szczyrk"]
[Date "1899-12-30"]
[Round "11.24"]
[White "Kieca, Aleksandra"]
[Black "Malek, Sophie"]
[Result "1-0"]
[WhiteTitle "I"]
[BlackTitle "III"]
[WhiteElo "1458"]
[BlackElo "1000"]

1. d4 d5 2. c4 e5 3. dxe5 d4 4. Nf3 Nc6 5. e3 dxe3 6. Qxd8+ Nxd8 7. Bxe3 b6 8.
Be2 Ne7 9. Nc3 g6 10. Nb5 Rb8 11. Nxc7+ Kd7 12. Nb5 Ndc6 13. Rd1+ Ke8 14. Nc7#
1-0

[Event "Druzynowe Mistrzostwa Polski Juniorow 2018 - II Liga"]
[Site "Szczyrk"]
[Date "1899-12-30"]
[Round "11.25"]
[White "Klepek, Witold"]
[Black "Twardowski, Hubert"]
[Result "1-0"]
[WhiteTitle "k+"]
[BlackTitle "I"]
[WhiteElo "2076"]
[BlackElo "1728"]

1. e4 e5 2. Nf3 Nc6 3. d4 exd4 4. Nxd4 Bc5 5. Be3 Bxd4 6. Bxd4 Nxd4 7. Qxd4 Qf6
8. e5 Qb6 9. Qxb6 axb6 10. Nc3 f6 11. Nd5 Kd8 12. exf6 Nxf6 13. Nxf6 gxf6 14.
Bd3 d6 15. Kd2 Be6 16. Rhe1 Kd7 17. Re3 Rhg8 18. g3 Rg7 19. Rae1 Re8 20. Rxe6
Rxe6 21. Bf5 Re7 22. c4 c6 23. a4 d5 24. cxd5 cxd5 25. Kd3 Kd6 26. Rxe6+ Rxe6
27. Bxe6 Kxe6 28. Kd4 Kd6 29. g4 Ke6 30. f4 Kd6 31. b4 Ke6 32. f5+ Kd6 33. b5
h6 34. h3 Ke7 35. Kxd5 Kd7 36. h4 Ke7 37. Ke4 Kd6 38. Kf4 Kd5 39. g5 fxg5+ 40.
hxg5 1-0

[Event "Druzynowe Mistrzostwa Polski Juniorow 2018 - II Liga"]
[Site "Szczyrk"]
[Date "1899-12-30"]
[Round "11.26"]
[White "Sulima, Franciszek"]
[Black "Burzak, Wojciech"]
[Result "1/2-1/2"]
[WhiteTitle "II"]
[BlackTitle "I"]
[WhiteElo "1281"]
[BlackElo "1749"]

1. d4 Nf6 2. f4 d5 3. e3 c5 4. Nf3 Nc6 5. c3 e6 6. Bd3 Qb6 7. O-O h5 8. Ne5 h4
9. Nd2 Be7 10. Ndf3 Ne4 11. Qc2 Nd6 12. b3 cxd4 13. exd4 a5 14. Be3 a4 15. b4
Qc7 16. a3 b5 17. Be2 Bb7 18. Nd3 Nc4 19. Bd2 Bd6 20. Nfe5 Ne7 21. Nc5 Nf5 22.
Nxc4 Bxc5 23. bxc5 dxc4 24. Bg4 g6 25. Bf3 Bc6 26. Qd1 Ne7 27. Rb1 Rb8 28. Qe2
Nd5 29. Bxd5 Bxd5 30. Qe5 Qxe5 31. fxe5 Rh5 32. Rf2 1/2-1/2

[Event "Druzynowe Mistrzostwa Polski Juniorow 2018 - II Liga"]
[Site "Szczyrk"]
[Date "1899-12-30"]
[Round "11.27"]
[White "Kozubek, Krystian"]
[Black "Trzebinski, Patryk"]
[Result "1-0"]
[WhiteTitle "II"]
[BlackTitle "I"]
[WhiteElo "1386"]
[BlackElo "1779"]

1. e4 c6 2. d4 d5 3. Nc3 dxe4 4. Nxe4 Bf5 5. Ng3 Bg6 6. Nf3 Nf6 7. Bd3 e6 8. h3
Bd6 9. Ne2 O-O 10. Bf4 Nd5 11. Bxg6 fxg6 12. Bg3 Bxg3 13. Nxg3 Nd7 14. O-O Qb6
15. Rb1 Rf4 16. c3 Raf8 17. Re1 c5 18. Re4 cxd4 19. Qxd4 Nc5 20. Rxf4 Rxf4 21.
Qd2 Qa6 22. b3 Ne4 23. Nxe4 Rxe4 24. Re1 Rxe1+ 25. Qxe1 Nf4 26. Qe5 Nd5 27. Nd4
Kf7 28. c4 Ne7 29. Qf4+ Kg8 30. Qe5 Kf7 31. g4 h6 32. a4 g5 33. Nb5 Kg8 34. Nd6
Ng6 35. Qxe6+ Kh7 36. Qd7 Qa5 37. Qf5 Qc3 38. Nf7 Qxb3 39. Ne5 Qd1+ 40. Kg2 Qd6
41. Nxg6 Qxg6 42. Kf3 Qxf5+ 43. gxf5 Kg8 44. Ke4 Kf7 45. Ke5 h5 46. f3 Ke7 47.
a5 a6 48. c5 h4 49. Kd4 Kf6 50. Ke4 Ke7 51. Ke5 Kd7 52. Kd5 Ke7 53. c6 bxc6+ 54.
Kxc6 Kf6 55. Kb6 Kxf5 56. Kxa6 Kf4 57. Kb5 Kxf3 58. a6 Kg3 59. a7 Kxh3 60. Qa8
g4 61. Qh1+ Kg3 62. Kc4 h3 63. Kd3 h2 64. Ke2 Kh3 65. Kf2 g3+ 66. Kf3 g5 67. Qg2+
Kh4 68. Qxg3+ Kh5 69. Qxh2+ Kg6 70. Kg4 Kf6 71. Qd6+ Kf7 72. Kxg5 Ke8 73. Qc7
Kf8 74. Kf6 Ke8 75. Qe7# 1-0

[Event "Druzynowe Mistrzostwa Polski Juniorow 2018 - II Liga"]
[Site "Szczyrk"]
[Date "1899-12-30"]
[Round "11.28"]
[White "Dembicki, Karol"]
[Black "Raba, Bartosz"]
[Result "1-0"]
[WhiteTitle "II"]
[BlackTitle "II"]
[WhiteElo "1457"]
[BlackElo "1272"]

1. e4 e5 2. f4 exf4 3. Nf3 d5 4. exd5 Nf6 5. Bc4 Nxd5 6. O-O Be6 7. Re1 Nc6 8.
Bxd5 Qxd5 9. Nc3 Bc5+ 10. Kh1 Qd7 11. d3 O-O-O 12. Bxf4 f6 13. a3 g5 14. Bg3 h5
15. h4 g4 16. Nd2 f5 17. b4 Bd4 18. Ndb1 Rhf8 19. Qd2 Rde8 20. Qf4 Ne7 21. Rxe6
Nc6 22. Rxe8+ Rxe8 23. b5 Ne7 24. b6 axb6 25. Nd5 Nc6 26. Nbc3 Be5 27. Qf2 Bd4
28. Qd2 Ne5 29. Re1 Qc6 30. Bxe5 Bxe5 31. Qe3 f4 32. Qe4 f3 33. gxf3 Qe6 34. f4
g3 35. Qg2 Qg4 36. Rxe5 Qxh4+ 37. Kg1 Rh8 38. Rg5 c6 39. Ne7+ Kd7 40. Ng6 1-0

[Event "Druzynowe Mistrzostwa Polski Juniorow 2018 - II Liga"]
[Site "Szczyrk"]
[Date "1899-12-30"]
[Round "11.29"]
[White "Gredka, Dominika"]
[Black "Filipska, Maja"]
[Result "1-0"]
[WhiteTitle "I++"]
[BlackTitle "I++"]
[WhiteElo "1794"]
[BlackElo "1569"]

1. e4 d5 2. exd5 Nf6 3. d4 Nxd5 4. c4 Nb6 5. Be3 Nc6 6. Nc3 Bf5 7. Be2 e6 8. Nf3
Qd7 9. O-O O-O-O 10. a3 Be7 11. b4 Bf6 12. c5 Nd5 13. Nxd5 Qxd5 14. Qa4 Nxd4 15.
Bxd4 Bxd4 16. Nxd4 Qxd4 17. Qxa7 c6 18. b5 cxb5 19. Bxb5 Qe5 20. Rad1 Rd5 21.
Rxd5 exd5 22. c6 Qb8 23. cxb7+ Kc7 24. Rc1+ Kd6 25. Rc6+ Ke5 26. Qe3+ Be4 27.
f4+ Kf5 28. g4+ Kxg4 29. Qg3+ Kh5 30. Qg5# 1-0

[Event "Druzynowe Mistrzostwa Polski Juniorow 2018 - II Liga"]
[Site "Szczyrk"]
[Date "1899-12-30"]
[Round "11.30"]
[White "Skolska, Emilia"]
[Black "Jureczko, Anna"]
[Result "0-1"]
[WhiteTitle "I"]
[BlackTitle "II+"]
[WhiteElo "1157"]
[BlackElo "1204"]

1. e4 e5 2. Nf3 Nc6 3. d4 exd4 4. Bc4 Bc5 5. O-O d6 6. c3 Nf6 7. cxd4 Bb6 8. Re1
O-O 9. Bg5 Bg4 10. d5 Ne5 11. Be2 Bxf2+ 12. Kxf2 Nxe4+ 13. Kg1 Nxg5 14. Nxe5 Bxe2
15. Qxe2 dxe5 16. Qxe5 Re8 17. Qxe8+ Qxe8 18. Rxe8+ Rxe8 19. Nc3 a6 20. h4 Ne4
21. Re1 f5 22. Nxe4 fxe4 23. Kf2 Rd8 24. Rxe4 Rxd5 25. Ke3 Rd7 26. Rb4 b6 27.
Rd4 Re7+ 28. Re4 Kf7 29. Kd4 Rxe4+ 30. Kxe4 Ke6 31. Kd4 c6 32. Ke4 h6 33. Kf4
g6 34. g4 Kf6 35. g5+ hxg5+ 36. hxg5+ Ke6 37. Ke4 a5 38. b3 b5 39. Kd4 Kd6 40.
Ke4 c5 41. Kd3 Kd5 42. Ke3 Ke5 43. Kf3 Kd4 44. Kf4 c4 45. bxc4 bxc4 46. Kf3 Kd3
47. Kf4 c3 48. Ke5 c2 49. Kf6 Qc1 50. Kxg6 Qb2 51. Kf7 Qxa2+ 52. Kf6 Qg8 53. g6
a4 0-1

[Event "Druzynowe Mistrzostwa Polski Juniorow 2018 - II Liga"]
[Site "Szczyrk"]
[Date "1899-12-30"]
[Round "11.31"]
[White "Krawczyk, Flawian"]
[Black "Hrymowicz, Artur"]
[Result "0-1"]
[WhiteTitle "II"]
[BlackTitle "I++"]
[WhiteElo "1425"]
[BlackElo "2123"]

1. e4 c5 2. Nf3 d6 3. d4 cxd4 4. Nxd4 Nf6 5. Nc3 a6 6. Bd3 e6 7. O-O Be7 8. Be3
O-O 9. f4 Nc6 10. Qe2 Qc7 11. h3 Nxd4 12. Bxd4 e5 13. Be3 b5 14. f5 Bb7 15. Bg5
Rac8 16. Bxf6 Bxf6 17. Kh1 Qc5 18. a3 Bg5 19. Qg4 f6 20. Rad1 Be3 21. Rf3 Bd4
22. Rg3 Rf7 23. h4 Bxc3 24. bxc3 Qxa3 25. h5 Qc5 26. h6 Qc7 27. Be2 Kh8 28. Bf3
Rg8 29. Qh4 g5 30. fxg6 hxg6 31. Bg4 Qe7 32. Bh3 g5 33. Qg4 Bc8 34. Qh5 Bxh3 35.
Rxh3 Rd8 36. Qg6 Rff8 37. Rf1 Qf7 38. Qf5 Qh7 39. Qe6 Qd7 40. Rxf6 Qxe6 41. Rxe6
Rf1+ 42. Kh2 a5 43. c4 b4 44. Re7 Ra8 45. Rh5 Rf6 46. Kg3 a4 47. Kg4 a3 48. Kxg5
Rf2 49. g4 Rg8+ 50. Kh4 Rh2+ 51. Kg3 Rxh5 52. Ra7 Rxh6 0-1

[Event "Druzynowe Mistrzostwa Polski Juniorow 2018 - II Liga"]
[Site "Szczyrk"]
[Date "1899-12-30"]
[Round "11.32"]
[White "Jordan, Adam"]
[Black "Kupiecki, Szymon"]
[Result "1-0"]
[WhiteTitle "I"]
[BlackTitle "I"]
[WhiteElo "1830"]
[BlackElo "1644"]

1. d4 Nf6 2. Nf3 g6 3. c4 Bg7 4. Nc3 d6 5. e4 O-O 6. Be2 Nbd7 7. O-O e5 8. d5 Nc5
9. Qc2 a5 10. Be3 Nh5 11. Ne1 Nf4 12. Bxc5 dxc5 13. Bf3 g5 14. Qd1 Ra6 15. Bg4
f5 16. Bxf5 Bxf5 17. exf5 Rxf5 18. Nc2 g4 19. Ne3 Rg5 20. Ne4 Rgg6 21. Kh1 Qe7
22. g3 Nh3 23. Nf5 Qf7 24. Nh4 Ng5 25. Nxc5 Rab6 26. Qxg4 Qe7 27. Nxg6 hxg6 28.
Nd3 e4 29. Nf4 Rxb2 30. Nxg6 Qf6 31. Nf4 Rc2 32. h4 Nf7 33. Nh5 Qf3+ 34. Qxf3
exf3 35. Nxg7 Kxg7 36. Kg1 Rxc4 37. Rfc1 1-0

[Event "Druzynowe Mistrzostwa Polski Juniorow 2018 - II Liga"]
[Site "Szczyrk"]
[Date "1899-12-30"]
[Round "11.33"]
[White "Niedbala, Bartlomiej"]
[Black "Kozlowski, Michal"]
[Result "1-0"]
[WhiteTitle "I++"]
[BlackTitle "I"]
[WhiteElo "2001"]
[BlackElo "1742"]

1. c4 c5 2. Nc3 Nc6 3. g3 g6 4. Bg2 Bg7 5. Nh3 e6 6. Nf4 Nge7 7. d3 d6 8. Bd2 a6
9. a3 Rb8 10. Rb1 b5 11. b4 cxb4 12. axb4 O-O 13. Ne4 h6 14. cxb5 axb5 15. Rc1
Bb7 16. h4 e5 17. Nh3 Nd4 18. e3 Ne6 19. Qb3 Kh8 20. O-O Bd5 21. Qb2 f5 22. Nc3
Bxg2 23. Kxg2 d5 24. Ne2 f4 25. f3 fxg3 26. e4 Nf4+ 27. Bxf4 exf4 28. d4 dxe4
29. fxe4 Qd6 30. Nhxf4 Nc6 31. e5 Qd7 32. Nxg6+ Kh7 33. Nxf8+ Bxf8 34. Qc2+ Kg8
35. Qxc6 Qg7 36. Qe6+ Kh8 37. Rf7 Qg8 38. Rcc7 1-0

[Event "Druzynowe Mistrzostwa Polski Juniorow 2018 - II Liga"]
[Site "Szczyrk"]
[Date "1899-12-30"]
[Round "11.34"]
[White "Strepikowski, Pawel"]
[Black "Lichorad, Mateusz"]
[Result "0-1"]
[WhiteTitle "II"]
[BlackTitle "I"]
[WhiteElo "1487"]
[BlackElo "1770"]

1. e4 c5 2. Nf3 e6 3. d4 cxd4 4. Nxd4 Nc6 5. Nxc6 bxc6 6. Nc3 d5 7. Bd3 Nf6 8.
O-O Be7 9. Qe2 O-O 10. f4 c5 11. b3 c4 12. e5 cxd3 13. Qxd3 Ne4 14. Nxe4 dxe4
15. Qxe4 Qd5 16. Qxd5 exd5 17. Be3 Bf5 18. c3 Rfc8 19. Rac1 Ba3 20. Rcd1 Rxc3
21. Bf2 Be4 22. Rfe1 Bc5 23. Bxc5 Rxc5 24. Re2 g6 25. b4 Rc4 26. a3 Rac8 27. Rdd2
Kf8 28. Kf2 Ke7 29. h3 Ke6 30. g4 Rc3 0-1

[Event "Druzynowe Mistrzostwa Polski Juniorow 2018 - II Liga"]
[Site "Szczyrk"]
[Date "1899-12-30"]
[Round "11.35"]
[White "Kulpa, Zuzanna"]
[Black "Daliga, Anita"]
[Result "1-0"]
[WhiteTitle "I++"]
[BlackTitle "I+"]
[WhiteElo "1818"]
[BlackElo "1605"]

1. e4 e5 2. Nf3 Nc6 3. Bb5 a6 4. Ba4 Bc5 5. c3 b5 6. Bc2 Nf6 7. O-O O-O 8. d4 exd4
9. cxd4 Bb6 10. e5 Ng4 11. h3 d6 12. hxg4 Bxg4 13. Qd3 g6 14. Bg5 Qd7 15. Bf6
h5 16. Qd2 Kh7 17. Ng5+ Kg8 18. Ne4 Kh7 19. Bg5 Qc8 20. Nf6+ Kh8 21. Bh6 Nxd4
22. Bxf8 Qxf8 23. exd6 Qg7 24. Nxg4 hxg4 25. Nc3 g3 26. Ne4 Qh7 27. Nxg3 Qh4 28.
Qc3 Kg7 29. Bf5 b4 30. Qd3 Rh8 31. Bh3 Ne6 32. Ne2 Ng5 33. Qg3 Qc4 34. Qxg5 Qxe2
35. d7 c6 36. Rab1 Qc2 37. Qe5+ Kh7 38. Qf6 Qc4 39. Rbc1 Qxa2 40. Rxc6 Bd8 41.
Qd4 Qa4 42. Rfc1 Qa5 43. Qc5 Qa2 44. Qc4 Qxb2 45. Qxf7+ Qg7 46. Qxg7+ Kxg7 47.
Rxa6 1-0

[Event "Druzynowe Mistrzostwa Polski Juniorow 2018 - II Liga"]
[Site "Szczyrk"]
[Date "1899-12-30"]
[Round "11.36"]
[White "Filipiak, Magdalena"]
[Black "Kulpa, Karolina"]
[Result "0-1"]
[WhiteTitle "I"]
[BlackTitle "I"]
[WhiteElo "1231"]
[BlackElo "1323"]

1. e4 c5 2. c3 d5 3. exd5 Qxd5 4. d4 Nf6 5. Nf3 Bg4 6. Be3 cxd4 7. cxd4 e6 8. Nc3
Qd8 9. Bb5+ Nc6 10. h3 Bh5 11. Rc1 a6 12. Ba4 b5 13. Nxb5 axb5 14. Bxb5 Qa5+ 15.
Bd2 Qxb5 16. Bc3 Bb4 17. Bxb4 Qxb4+ 18. Qd2 Qxd2+ 19. Nxd2 Kd7 20. Nb3 Rxa2 21.
Nc5+ Kd6 22. g4 Bg6 23. f4 Nxd4 24. Nb7+ Kd7 25. Nc5+ Ke7 26. Kf2 Rxb2+ 27. Ke3
Nc2+ 28. Kf3 Rc8 0-1

[Event "Druzynowe Mistrzostwa Polski Juniorow 2018 - II Liga"]
[Site "Szczyrk"]
[Date "1899-12-30"]
[Round "11.37"]
[White "Miasik, Adrian"]
[Black "Kawalko, Adam"]
[Result "1/2-1/2"]
[WhiteTitle "I++"]
[BlackTitle "I"]
[WhiteElo "1918"]
[BlackElo "1751"]

1. d4 c5 2. d5 Nf6 3. c4 e6 4. Nc3 exd5 5. cxd5 d6 6. e4 g6 7. f4 Bg7 8. Be2 O-O
9. Nf3 Bg4 10. O-O a6 11. a4 Bxf3 12. Bxf3 Nbd7 13. Re1 Re8 14. Be3 Rb8 15. Qd3
Qc7 16. Qc4 Nb6 17. Qb3 Nbd7 18. Qc4 Nb6 19. Qd3 Nbd7 20. a5 c4 21. Qe2 Rbc8 22.
Qf2 Nc5 23. Bxc5 Qxc5 24. Qxc5 Rxc5 25. Kf1 Nd7 26. Ra4 f5 27. exf5 Rxe1+ 28.
Kxe1 Bxc3+ 29. bxc3 gxf5 30. Kd2 Nf6 31. Ke3 Nxd5+ 32. Bxd5+ Rxd5 33. Rxc4 Rxa5
34. Rc8+ Kf7 35. Rc7+ Kg6 36. Rxb7 Ra2 37. Rb6 Rxg2 38. Rxd6+ Kh5 39. Rf6 Kg4
40. Rh6 Rc2 41. Kd3 1/2-1/2

[Event "Druzynowe Mistrzostwa Polski Juniorow 2018 - II Liga"]
[Site "Szczyrk"]
[Date "1899-12-30"]
[Round "11.38"]
[White "Dytman, Radoslaw"]
[Black "Ciasnocha, Michal"]
[Result "1/2-1/2"]
[WhiteTitle "I"]
[BlackTitle "I"]
[WhiteElo "1728"]
[BlackElo "1723"]

1. e4 e5 2. Nf3 Nf6 3. Nxe5 d6 4. Nf3 Nxe4 5. Nc3 Nxc3 6. dxc3 Be7 7. Be3 Nc6 8.
Qd2 Be6 9. O-O-O a6 10. h4 h6 11. Bd3 Qd7 12. Nd4 O-O-O 13. a3 Ne5 14. Qe2 Nxd3+
15. Qxd3 Rhe8 16. Nxe6 Qxe6 17. Qd5 Bf6 18. g3 Qxd5 19. Rxd5 Re5 20. Rhd1 Rxd5
21. Rxd5 Re8 22. Kd2 Kd7 23. Ke2 Re5 24. Rd3 h5 25. Kf3 Rf5+ 26. Ke4 Re5+ 27.
Kf3 Rf5+ 28. Ke4 Re5+ 29. Kf3 Rf5+ 30. Ke4 1/2-1/2

[Event "Druzynowe Mistrzostwa Polski Juniorow 2018 - II Liga"]
[Site "Szczyrk"]
[Date "1899-12-30"]
[Round "11.39"]
[White "Babiarz, Arkadiusz"]
[Black "Topola, Rafal"]
[Result "0-1"]
[WhiteTitle "I++"]
[BlackTitle "I"]
[WhiteElo "1810"]
[BlackElo "1570"]

1. e4 c6 2. c4 d5 3. exd5 cxd5 4. cxd5 Nf6 5. Qa4+ Nbd7 6. Nc3 g6 7. Be2 Bg7 8.
Bf3 O-O 9. d4 Nb6 10. Qb3 e6 11. dxe6 Bxe6 12. Qd1 Re8 13. Nge2 Bc4 14. O-O Nfd5
15. Re1 Nxc3 16. bxc3 Qd7 17. Bf4 Rac8 18. Ng3 Nd5 19. Qd2 Nxf4 20. Qxf4 Rxe1+
21. Rxe1 Re8 22. Rxe8+ Qxe8 23. Qd2 b6 24. Ne4 Qa4 25. Qg5 Qxa2 26. Qd8+ Bf8 27.
h3 Qa3 28. Qb8 Qe7 29. Qa8 Qa3 30. Kh2 Kg7 31. Qc6 Be6 32. d5 Bf5 33. Qf6+ Kg8
34. Ng3 Qd6 35. Qd4 Bg7 36. Qc4 Be5 37. Qa4 a5 38. Bg4 Bxg4 39. Qxg4 Qxd5 40.
Qc8+ Kg7 41. c4 Qc5 42. Qe8 Bc7 43. Qe2 a4 44. Qc2 a3 45. Qa4 Qxf2 46. Qxa3 Qxg3+
47. Qxg3 Bxg3+ 48. Kxg3 Kf6 49. Kf4 Ke6 50. Ke4 Kd6 51. Kd4 f6 52. g4 Kc6 53.
h4 h6 54. h5 gxh5 55. gxh5 Kd6 56. Kc3 Kc5 57. Kd3 f5 58. Ke3 Kxc4 59. Kf4 b5
60. Kxf5 b4 61. Kg6 b3 62. Kxh6 b2 63. Kg7 Qb1 64. h6 Qg1+ 65. Kh8 Qd4+ 66. Kg8
Qd8+ 67. Kg7 Qg5+ 0-1

[Event "Druzynowe Mistrzostwa Polski Juniorow 2018 - II Liga"]
[Site "Szczyrk"]
[Date "1899-12-30"]
[Round "11.40"]
[White "Jaworski, Tymon"]
[Black "Biesiadecki, Adam"]
[Result "1-0"]
[WhiteTitle "II"]
[BlackTitle "II"]
[WhiteElo "1386"]
[BlackElo "1415"]

1. e4 c5 2. Nf3 Nc6 3. d4 cxd4 4. Nxd4 Nf6 5. Nc3 d6 6. Be2 g6 7. Be3 Bg7 8. Qd2
O-O 9. O-O Re8 10. Rad1 Ng4 11. Bxg4 Bxg4 12. Nxc6 bxc6 13. f3 Be6 14. Bd4 Bxd4+
15. Qxd4 c5 16. Qe3 Rb8 17. b3 Qa5 18. f4 Bd7 19. f5 Qb6 20. Nd5 Qd8 21. f6 Kh8
22. Qh6 Rg8 23. fxe7 Qe8 24. Nf6 Qxe7 25. Qxh7# 1-0